000 00718nam a2200229 i 4500
001 30514
003 ES-MaACL
005 20250809194959.0
007 t|
008 030124s1967 sp ||||1| spa d
100 1 _aBarthes, Roland.
_926125
245 1 0 _aEnsayos críticos /
_cRoland Barthes ; [traducción de Carlos Pujol].
250 _a1ª ed.
260 _aBarcelona :
_bSeix Barral,
_c1967.
300 _a330 p. ;
_c18 cm.
490 1 _aBiblioteca breve.
_aEnsayo ;
_v261
650 _aLiteratura-
_xHistoria y crítica.
_914489
700 1 _aPujol, Carlos,
_d1936-2012
_994332
830 1 _aBiblioteca breve.
_aEnsayo
_v261
_9181348
852 _aES-MaACL
_jC-33686
999 _c30514
_d30514